Mỹ - Nhật - Tây Âu đặc điểm kinh tế so sánh = USA - Japan Western Europe comparative economic characteristics

Nội dung của sách đề cập đến những khía cạnh chung của các chế độ kinh tế - xã hội của Mỹ, Nhật, Tây Âu (đặc biệt là Đức) và những khác biệt chủ yếu giữa chúng trong nội dung bản chất và những biểu hiện trên bề mặt xã hội ở mỗ...

Ful tanımlama

Kaydedildi:
Detaylı Bibliyografya
Yazar: Đỗ, Lộc Diệp
Materyal Türü: Kitap
Dil:Undetermined
Baskı/Yayın Bilgisi: Hà Nội Khoa học - Xã hội 1996
Konular:
Etiketler: Etiketle
Etiket eklenmemiş, İlk siz ekleyin!
Thư viện lưu trữ: Trung tâm Học liệu Trường Đại học Cần Thơ
LEADER 01273nam a2200217Ia 4500
001 CTU_139329
008 210402s9999 xx 000 0 und d
082 |a 330.9 
082 |b D307 
100 |a Đỗ, Lộc Diệp 
245 0 |a Mỹ - Nhật - Tây Âu đặc điểm kinh tế so sánh = 
245 0 |b USA - Japan Western Europe comparative economic characteristics 
245 0 |c Đỗ Lộc Diệp 
260 |a Hà Nội 
260 |b Khoa học - Xã hội 
260 |c 1996 
520 |a Nội dung của sách đề cập đến những khía cạnh chung của các chế độ kinh tế - xã hội của Mỹ, Nhật, Tây Âu (đặc biệt là Đức) và những khác biệt chủ yếu giữa chúng trong nội dung bản chất và những biểu hiện trên bề mặt xã hội ở mỗi nước riêng biệt. 
650 |a Japan,USA,Western europe,Nhật Bản,Hoa Kỳ,Tây Âu 
650 |x Economic conditions,Economic conditions,Economic conditions,Điều kiện kinh tế,Điều kiện kinh tế,Điều kiện kinh tế 
904 |i Quang Hiếu 
980 |a Trung tâm Học liệu Trường Đại học Cần Thơ